| 000 | 00383nam a2200157Ia 4500 | ||
|---|---|---|---|
| 008 | 230312s9999||||xx |||||||||||||| ||und|| | ||
| 020 | _a0521821940 | ||
| 082 |
_a332.673 _bJAR-I |
||
| 100 | _aJarvis, Darryl S. L | ||
| 245 | 0 | _aInternational Business Risk | |
| 260 |
_bCambridge University Press _aUK _c2003 |
||
| 300 | _a474 | ||
| 546 | _aEng. | ||
| 650 | _aEconomics | ||
| 942 | _cBK | ||
| 999 |
_c6049 _d6049 |
||